| Поле | Название | Значение |
| |
Тип записи |
a |
| |
Библиографический уровень |
c |
| 001 |
Контрольный номер |
RU/ГПНТБ России/KNIGADB/84(4Вел)-445/С 80-345418332 |
| 005 |
Дата корректировки |
20241126094204.5 |
| 010 |
Индекс ISBN |
__ |
| a |
ISBN |
978-5-387-01693-6 |
| b |
Уточнения |
в пер. |
| 010 |
Индекс ISBN |
__ |
| a |
ISBN |
978-5-387-01721-6 |
| b |
Уточнения |
Т. 28 |
| 9 |
Тираж |
1000 экз. |
| d |
Цена |
1962-18 |
| 100 |
Данные общей обработки |
__ |
| a |
Данные общей обработки |
20240919d2023 d y0rusy028902 ca |
| 101 |
Язык документа |
1_ |
| a |
Язык текста |
rus |
| c |
Язык оригинала |
eng |
| c |
Язык оригинала |
fre |
| 102 |
Страна публикации |
__ |
| a |
Страна публикации |
RU |
| 105 |
Кодированные данные (монография) |
__ |
| a |
Кодированные данные (монография) |
a z 000ay |
| 181 |
Поле кодированных данных: вид содержания |
_0 |
| a |
Код вида содержания (ISBD) |
i |
| 182 |
Поле кодированных данных: тип средства |
_0 |
| a |
Код типа средства (ISBD) |
n |
| 200 |
Заглавие и сведения об ответственности |
1_ |
| a |
Заглавие |
Остров сокровищ |
| f |
Первые сведения об ответственности |
Роберт Льюис Стивенсон. Дети капитана Гранта : роман / Жюль Верн |
| e |
Сведения, относящиеся к заглавию |
роман |
| g |
Последующие сведения об ответственности |
главный редактор Д. В. Тевекелян |
| g |
Последующие сведения об ответственности |
иллюстрации: Ю. С. Гершкович |
| 203 |
Вид содержания и тип средства |
__ |
| a |
Вид содержания |
Текст |
| c |
Тип средства |
непосредственный |
| 210 |
Выходные данные |
1_ |
| a |
Место издания |
Москва |
| c |
Издательство |
Слово/Slovo |
| d |
Дата издания |
2023 |
| 215 |
Физическое описание |
__ |
| a |
Объем |
669, [1] c., [10] л. ил. |
| c |
Иллюстрации/тип воспроизводства |
ил. |
| d |
Формат |
24 см |
| 225 |
Серия |
2_ |
| a |
Серия |
Библиотека детской классики |
| v |
Обозначение тома |
т. 28 |
| 300 |
Общие примечания |
__ |
| a |
Общие примечания |
На титульной странице: Роберт Льюис Стивенсон, Жюль Верн; на обложке и корешке: Р. Л. Стивенсон, Жюль Верн |
| 300 |
Общие примечания |
__ |
| a |
Общие примечания |
Заглавия из макета книги |
| 330 |
Аннотация |
__ |
| a |
Аннотация |
Два приключенческих романа - "Остров сокровищ" Р. Л. Стивенсона и "Дети капитана Гранта" Жюля Верна - объединены темами морских путешествий, поиска сокровищ, и невероятных открытий. Для среднего школьного возраста. |
| 333 |
Примечание о целевом назначении |
__ |
| a |
Примечание о целевом назначении |
12+. Для детей старше 12 лет |
| 423 |
Издается в одной обложке с ... |
_0 |
| 1 |
|
2001 |
| a |
|
Дети капитана Гранта |
| e |
|
[роман : для среднего школьного возраста] |
| f |
|
Жюль Верн ; перевод с французского А. Бекетовой] ; главный редактор: Д. В. Тевекелян ; художник: К. Е. Журавлев, Ю. С. Гершкович |
| 1 |
|
700 1 |
| a |
|
Верн |
| b |
|
Ж. |
| g |
|
Жюль |
| 1 |
|
702 1 |
| a |
|
Бекетова |
| b |
|
А. А. |
| g |
|
Александра Андреевна |
| 4 |
|
730 |
| 606 |
Тематические рубрики |
__ |
| 2 |
Код системы |
nlr_sh |
| a |
Основная рубрика |
Художественная литература |
| 606 |
Тематические рубрики |
__ |
| 2 |
Код системы |
nlr_sh |
| a |
Основная рубрика |
Литература Европы (произведения) |
| y |
Географическая подрубрика |
Великобритания |
| y |
Географическая подрубрика |
Шотландия |
| y |
Географическая подрубрика |
Франция |
| z |
Хронологическая подрубрика |
19 в. |
| 610 |
Ключевые слова |
0_ |
| a |
Ключевые слова |
зарубежная литература |
| 610 |
Ключевые слова |
0_ |
| a |
Ключевые слова |
зарубежная классика |
| 610 |
Ключевые слова |
0_ |
| a |
Ключевые слова |
английская литература |
| 610 |
Ключевые слова |
0_ |
| a |
Ключевые слова |
французская литература |
| 610 |
Ключевые слова |
0_ |
| a |
Ключевые слова |
детская литература |
| 610 |
Ключевые слова |
0_ |
| a |
Ключевые слова |
романы |
| 610 |
Ключевые слова |
0_ |
| a |
Ключевые слова |
приключенческие романы |
| 610 |
Ключевые слова |
0_ |
| a |
Ключевые слова |
приключения |
| 610 |
Ключевые слова |
0_ |
| a |
Ключевые слова |
путешествия |
| 610 |
Ключевые слова |
0_ |
| a |
Ключевые слова |
тема путешествий |
| 610 |
Ключевые слова |
0_ |
| a |
Ключевые слова |
морские путешествия |
| 610 |
Ключевые слова |
0_ |
| a |
Ключевые слова |
тема морских путешествий |
| 686 |
Индексы других классификаций |
__ |
| 2 |
Код системы |
rubbks |
| a |
Классификационный индекс |
ст84(4Вел)-445 |
| 686 |
Индексы других классификаций |
__ |
| 2 |
Код системы |
rubbks |
| a |
Классификационный индекс |
ст84(4Фра)-445 |
| 700 |
Автор |
_1 |
| a |
Фамилия |
Стивенсон |
| b |
Имя |
Р. Л. |
| g |
Полное личное имя |
Роберт Льюис |
| f |
Даты |
1850-1894 |
| 4 |
Код отношения |
070 |
| 702 |
Вторичная интеллектуальная ответственность |
_1 |
| a |
Фамилия |
Тевекелян |
| b |
Имя |
Д. В. |
| g |
Полное личное имя |
Диана Варткесовна |
| f |
Даты |
1932-2011 |
| 4 |
Код отношения |
340 |
| 702 |
Вторичная интеллектуальная ответственность |
_1 |
| a |
Фамилия |
Гершкович |
| b |
Имя |
Ю. С. |
| g |
Полное личное имя |
Юрий Соломонович |
| f |
Даты |
1938-2013 |
| 4 |
Код отношения |
440 |
| 702 |
Вторичная интеллектуальная ответственность |
_1 |
| a |
Фамилия |
Чуковский |
| b |
Имя |
Н. К. |
| 4 |
Код отношения |
730 |
| f |
Даты |
1904-1965 |
| g |
Полное личное имя |
Николай Корнеевич |
| 801 |
Источник записи |
_0 |
| b |
Организация |
ГПНТБ России |
| a |
Страна |
RU |
| c |
Дата составления |
20240919 |
| g |
Правила каталогизации |
PSBO |
| 801 |
Источник записи |
_1 |
| b |
Организация |
ГПНТБ России |
| a |
Страна |
RU |
| c |
Дата составления |
20240919 |
| g |
Правила каталогизации |
PSBO |
| 852 |
Данные о местонахождении |
5_ |
| j |
Шифр хранения |
ст84(4Вел)-445 |
| i |
Авторский знак |
С 80 |
| 900 |
Макрообъекты |
__ |
| a |
Макрообъекты |
Остров сокровищ. Стивенсон, Р. Том 28, 2023 |
| 901 |
Тип документа |
__ |
| a |
Ответственный |
КиК/Обаева |
| t |
Тип документа |
x |
| 903 |
Характеристики (МАРС) |
__ |
| a |
Дата передачи |
20240919 |
| c |
Наименование библиотеки (МАРС) |
Муниципальное бюджетное учреждение культуры "Централизованная библиотечная система" г. Сургут (Центральная городская библиотека им. А. С. Пушкина) |
| 969 |
Тип издания |
__ |
| a |
Тип издания |
издание для детей |
| 990 |
Данные о заказе (DOS) |
__ |
| j |
Количество экземпляров (DOS) |
1 |
| t |
N записи в КСУ для И/У (DOS) |
202410 |